[Event "Val Thorens op"]
[Site "Val Thorens"]
[Date "2002.07.21"]
[Round "3"]
[White "Assayag, Serge"]
[Black "Dubuisson, Thomas"]
[Result "1/2-1/2"]
[WhiteElo "2022"]
[BlackElo "1800"]
[PlyCount "56"]
[EventDate "2002.07.15"]
[EventType "swiss"]
[EventRounds "9"]
[EventCountry "FRA"]
[SourceTitle "EXT 2003"]
[Source "ChessBase"]
[SourceDate "2002.11.25"]
[SourceVersion "1"]
[SourceVersionDate "2002.11.25"]
[SourceQuality "1"]

1. e4 e6 2. d4 d5 3. Nc3 Nf6 4. e5 Nfd7 5. f4 c5 6. Nf3 Nc6 7. Be3 a6 8. Qd2 cxd4 9. Nxd4 Be7 10. a3 0-0 11. 0-0-0 Nb6 12. Qf2 Nxd4 13. Bxd4 Nd7 14. Bd3 b6 15. f5 Bc5 16. Rhe1 Qg5+ 17. Kb1 Bxd4 18. Qxd4 Nc5 19. h4 Qh5 20. f6 Nxd3 21. Rxd3 g6 22. Qf4 Kh8 23. Rh3 Qf5 24. Qh6 Rg8 25. h5 g5 26. Rf3 Qg4 27. Re2 Bd7 28. Ref2 Rac8 1/2-1/2

[Event "Val Thorens op"]
[Site "Val Thorens"]
[Date "2002.??.??"]
[Round "1"]
[White "Assayag, Serge"]
[Black "Marzolo, Cyril"]
[Result "0-1"]
[WhiteElo "2022"]
[BlackElo "2415"]
[PlyCount "54"]
[EventDate "2002.07.15"]
[EventType "swiss"]
[EventRounds "9"]
[EventCountry "FRA"]
[SourceTitle "EXT 2003"]
[Source "ChessBase"]
[SourceDate "2002.11.25"]
[SourceVersion "1"]
[SourceVersionDate "2002.11.25"]
[SourceQuality "1"]

1. e4 e6 2. d4 d5 3. Nc3 Nf6 4. e5 Nfd7 5. Nce2 c5 6. f4 Nc6 7. c3 Qb6 8. Nf3 a5 9. h4 f6 10. Rh3 Be7 11. h5 0-0 12. Qd3 cxd4 13. Nexd4 Ncxe5 14. fxe5 fxe5 15. h6 g6 16. Nb3 a4 17. Be3 Qc7 18. Nbd2 a3 19. Rg3 e4 20. Nxe4 axb2 21. Rxg6+ hxg6 22. Rd1 dxe4 23. Qxe4 Kh7 24. Bd3 Rf5 25. Qxe6 Nc5 26. Qc4 Be6 27. Qd4 Nxd3+ 0-1

[Event "IECG QA.2001.0.00005"]
[Site "IECG email"]
[Date "2001.06.27"]
[Round "1"]
[White "Assayag, Serge"]
[Black "Bendig, Frank"]
[Result "0-1"]
[WhiteElo "2063"]
[BlackElo "2087"]
[PlyCount "86"]
[EventDate "2001.06.27"]
[EventType "tourn (corr)"]
[EventRounds "6"]
[SourceTitle "Corr 2024"]
[Source "ChessBase"]
[SourceDate "2023.10.19"]
[SourceVersion "1"]
[SourceVersionDate "2023.10.19"]
[SourceQuality "1"]

1. e4 c6 2. c4 d5 3. exd5 cxd5 4. d4 Nf6 5. Nc3 e6 6. c5 Be7 7. Bb5+ Bd7 8. Bxd7+ Nfxd7 9. Bf4 Nc6 10. Nf3 0-0 11. Qa4 Rc8 12. 0-0 g5 13. Be3 f5 14. Qd1 Bf6 15. Nb5 f4 16. Bc1 b6 17. Re1 bxc5 18. Rxe6 cxd4 19. Rd6 Qe7 20. Bd2 Kh8 21. Qb3 g4 22. Re1 Qg7 23. Nfxd4 Bxd4 24. Nxd4 Nxd4 25. Qxd5 Nf3+ 26. Kh1 Nb6 27. Rxb6 axb6 28. gxf3 Qxb2 29. Qh5 gxf3 30. Re7 Qb1+ 31. Re1 Qg6 32. Qxf3 Qf6 33. Bb4 Rg8 34. h3 Rc4 35. Bd2 Rd8 36. Bc1 Rdc8 37. Bd2 Qd6 38. Qh5 R4c5 39. Re8+ Rxe8 40. Qxe8+ Kg7 41. Qe2 Kf7 42. Be1 Qd5+ 43. Kh2 Rc1 0-1

[Event "IECG RA.2001.0.00001"]
[Site "IECG email"]
[Date "2001.05.06"]
[Round "?"]
[White "Douglass, Paul"]
[Black "Assayag, Serge"]
[Result "0-1"]
[WhiteElo "2040"]
[BlackElo "2063"]
[PlyCount "94"]
[EventDate "2001.05.06"]
[EventType "tourn (corr)"]
[EventRounds "6"]
[SourceTitle "Corr 2008"]
[Source "ChessBase"]
[SourceDate "2008.06.24"]
[SourceVersion "1"]
[SourceVersionDate "2008.06.24"]
[SourceQuality "1"]

1. d4 Nf6 2. c4 g6 3. Nc3 Bg7 4. e4 d6 5. Nf3 0-0 6. Be2 e5 7. 0-0 Nc6 8. d5 Ne7 9. Nd2 a5 10. Rb1 Bd7 11. a3 a4 12. b4 axb3 13. Nxb3 c5 14. dxc6 Bxc6 15. Qd3 Ne8 16. Nd5 f5 17. f3 h6 18. Rd1 Nxd5 19. exd5 Ba4 20. Be3 Nf6 21. c5 e4 22. Qd2 Kh7 23. cxd6 Re8 24. d7 Nxd7 25. fxe4 Rxe4 26. Bf3 Re8 27. Re1 Ne5 28. Nc5 Nc4 29. Qd3 b5 30. Bf2 Ne5 31. Qd2 Qd6 32. Be2 Nc4 33. Bxc4 Rxe1+ 34. Qxe1 bxc4 35. Qe6 Qxe6 36. Nxe6 Be5 37. Rb7+ Kg8 38. Bg3 Bf6 39. Kf1 Bc2 40. Bf4 g5 41. Bc1 Be4 42. Rd7 Ra5 43. d6 Rd5 44. a4 Rd1+ 45. Ke2 Rxc1 46. Nc5 Bxg2 47. Ra7 Rc2+ 0-1

[Event "IECG RA.2001.0.00001"]
[Site "IECG email"]
[Date "2001.05.06"]
[Round "?"]
[White "Sjoberg, Roger"]
[Black "Assayag, Serge"]
[Result "1-0"]
[WhiteElo "2063"]
[BlackElo "2063"]
[PlyCount "69"]
[EventDate "2001.05.06"]
[EventType "tourn (corr)"]
[EventRounds "6"]
[SourceTitle "Corr 2008"]
[Source "ChessBase"]
[SourceDate "2008.06.24"]
[SourceVersion "1"]
[SourceVersionDate "2008.06.24"]
[SourceQuality "1"]

1. d4 Nf6 2. c4 g6 3. Nc3 Bg7 4. e4 d6 5. f3 0-0 6. Be3 e5 7. d5 c6 8. Qd2 cxd5 9. cxd5 a6 10. g4 Nbd7 11. Nge2 h5 12. h3 Nh7 13. Ng3 h4 14. Nge2 b5 15. a3 Nc5 16. Nc1 Bf6 17. b4 Nd7 18. Nb3 Nb6 19. Na5 Bg5 20. Be2 Bd7 21. 0-0 Rc8 22. Rac1 f5 23. gxf5 gxf5 24. Kh2 Kh8 25. Nb7 Qe7 26. Bxg5 Nxg5 27. Nxd6 Nxf3+ 28. Bxf3 Qxd6 29. Qg5 Rf7 30. Rg1 Qf6 31. Qh5+ Rh7 32. Rg6 Qe7 33. d6 Qf7 34. Qg5 Rg8 35. Bh5 1-0

[Event "IECG QA.2001.0.00002"]
[Site "IECG email"]
[Date "2001.05.03"]
[Round "?"]
[White "Assayag, Serge"]
[Black "Bendig, Frank"]
[Result "1/2-1/2"]
[WhiteElo "2063"]
[BlackElo "2025"]
[PlyCount "82"]
[EventDate "2001.05.03"]
[EventType "tourn (corr)"]
[EventRounds "6"]
[SourceTitle "Corr 2008"]
[Source "ChessBase"]
[SourceDate "2008.06.24"]
[SourceVersion "1"]
[SourceVersionDate "2008.06.24"]
[SourceQuality "1"]

1. e4 e5 2. Nf3 Nc6 3. Bb5 Qe7 4. 0-0 Nd8 5. d4 c6 6. Ba4 d6 7. c4 Bg4 8. d5 g6 9. Nc3 Bg7 10. b3 Rc8 11. Ba3 Qf6 12. dxc6 bxc6 13. Bxd6 Bxf3 14. gxf3 Ne7 15. Bc5 Ne6 16. Bxa7 0-0 17. Bb6 c5 18. Ba5 Ra8 19. b4 Ng5 20. Kg2 cxb4 21. Bxb4 Rfd8 22. Bxe7 Qxe7 23. Nd5 Qe6 24. Rg1 Nh3 25. Qc2 Nxg1 26. Rxg1 Qa6 27. Bb3 Ra7 28. Rd1 Rc8 29. Qd2 Rb7 30. Qg5 h6 31. Qe3 Qd6 32. f4 Kh7 33. fxe5 Qxe5 34. f4 Qe6 35. Qf3 Rd7 36. e5 Kh8 37. h3 Rcd8 38. Qe3 Qc6 39. Kh2 Rb8 40. Rd4 Bf8 41. Qd2 Bg7 1/2-1/2

[Event "IECG QA.2001.0.00002"]
[Site "IECG email"]
[Date "2001.05.03"]
[Round "?"]
[White "Assayag, Serge"]
[Black "Van Deursen, Peter"]
[Result "1/2-1/2"]
[WhiteElo "2063"]
[BlackElo "2000"]
[PlyCount "67"]
[EventDate "2001.05.03"]
[EventType "tourn (corr)"]
[EventRounds "6"]
[SourceTitle "Corr 2008"]
[Source "ChessBase"]
[SourceDate "2008.06.24"]
[SourceVersion "1"]
[SourceVersionDate "2008.06.24"]
[SourceQuality "1"]

1. e4 Nf6 2. e5 Nd5 3. d4 d6 4. c4 Nb6 5. exd6 cxd6 6. Nc3 g6 7. Be3 Bg7 8. Rc1 0-0 9. b3 f5 10. d5 e5 11. dxe6 Nc6 12. Nge2 Bxe6 13. g3 d5 14. Bxb6 Qxb6 15. cxd5 Rad8 16. Bg2 Qa5 17. 0-0 Nb4 18. Nf4 Bf7 19. Re1 Rc8 20. Re3 Rfd8 21. h4 Rc5 22. Qe1 Bf6 23. a4 Bd4 24. Re7 Qb6 25. Bf1 Bf6 26. Re6 Bxe6 27. Qxe6+ Qxe6 28. Nxe6 Nxd5 29. Nxd5 Rcxd5 30. Nxd8 Rxd8 31. Rc7 Rd2 32. Bc4+ Kh8 33. Kf1 Bd4 34. Be2 1/2-1/2

[Event "IECG QA.2001.0.00002"]
[Site "IECG email"]
[Date "2001.05.03"]
[Round "2"]
[White "Rodrigues, Rui"]
[Black "Assayag, Serge"]
[Result "0-1"]
[WhiteElo "2000"]
[BlackElo "2063"]
[PlyCount "62"]
[EventDate "2001.05.03"]
[EventType "tourn (corr)"]
[EventRounds "6"]
[SourceTitle "Corr 2024"]
[Source "ChessBase"]
[SourceDate "2023.10.19"]
[SourceVersion "1"]
[SourceVersionDate "2023.10.19"]
[SourceQuality "1"]

1. e4 c5 2. c3 Qa5 3. Nf3 Nc6 4. Na3 e6 5. Nc4 Qc7 6. d4 d5 7. exd5 exd5 8. Nce5 Bd6 9. Bb5 Nge7 10. 0-0 0-0 11. Re1 Bf5 12. Bf4 cxd4 13. cxd4 Be4 14. Rc1 f6 15. Nxc6 Bxf4 16. Nxe7+ Qxe7 17. Rc3 Qd6 18. g3 Bh6 19. a3 Rac8 20. Nd2 f5 21. Qc1 Rcd8 22. f4 Qb6 23. Rc5 Bxf4 24. gxf4 Qg6+ 25. Kf2 Qg2+ 26. Ke3 Qh3+ 27. Kf2 Qxh2+ 28. Ke3 Qg3+ 29. Ke2 a6 30. Nxe4 fxe4 31. Ba4 Qf3+ 0-1

[Event "IECG QA.2001.0.00002"]
[Site "IECG email"]
[Date "2001.05.03"]
[Round "?"]
[White "Van Deursen, Peter"]
[Black "Assayag, Serge"]
[Result "1/2-1/2"]
[WhiteElo "2000"]
[BlackElo "2063"]
[PlyCount "51"]
[EventDate "2001.05.03"]
[EventType "tourn (corr)"]
[EventRounds "6"]
[SourceTitle "Corr 2008"]
[Source "ChessBase"]
[SourceDate "2008.06.24"]
[SourceVersion "1"]
[SourceVersionDate "2008.06.24"]
[SourceQuality "1"]

1. Nc3 f5 2. e4 fxe4 3. d3 Nf6 4. g4 exd3 5. Bxd3 g6 6. g5 Nh5 7. Nf3 d6 8. Nh4 Ng7 9. Be3 e6 10. Qd2 Nc6 11. 0-0-0 Be7 12. f4 0-0 13. Nxg6 hxg6 14. Bxg6 e5 15. h4 Nf5 16. Bxf5 Bxf5 17. Qd5+ Kh8 18. fxe5 dxe5 19. Qg2 Qe8 20. h5 Rd8 21. Nd5 Rxd5 22. Rxd5 Nb4 23. Rxe5 Nxa2+ 24. Kb1 Qa4 25. Rxe7 Rd8 26. Qf2 1/2-1/2

[Event "IECG C1.2001.0.00348"]
[Site "IECG email"]
[Date "2001.03.25"]
[Round "?"]
[White "Assayag, Serge"]
[Black "Petty, Kirk D"]
[Result "1-0"]
[WhiteElo "2063"]
[BlackElo "2018"]
[PlyCount "49"]
[EventDate "2001.03.25"]
[EventType "tourn (corr)"]
[EventRounds "6"]
[SourceTitle "Corr 2008"]
[Source "ChessBase"]
[SourceDate "2008.06.24"]
[SourceVersion "1"]
[SourceVersionDate "2008.06.24"]
[SourceQuality "1"]

1. e4 d6 2. d4 Nf6 3. Nc3 g6 4. Be3 Bg7 5. f3 c6 6. Qd2 b5 7. g4 0-0 8. h4 h5 9. gxh5 Nxh5 10. Nce2 Nd7 11. Nh3 Nb6 12. b3 Re8 13. Nhf4 Nxf4 14. Bxf4 e5 15. Bg5 Bf6 16. 0-0-0 Bxg5 17. hxg5 Be6 18. Ng3 Kg7 19. f4 exf4 20. Qxf4 a5 21. Nf5+ Bxf5 22. exf5 Nd5 23. f6+ Nxf6 24. gxf6+ Qxf6 25. Rh7+ 1-0

[Event "IECG C1.2001.0.00348"]
[Site "IECG email"]
[Date "2001.03.25"]
[Round "?"]
[White "Stockwell, Mark B"]
[Black "Assayag, Serge"]
[Result "1-0"]
[WhiteElo "2040"]
[BlackElo "2063"]
[PlyCount "135"]
[EventDate "2001.03.25"]
[EventType "tourn (corr)"]
[EventRounds "6"]
[SourceTitle "Corr 2008"]
[Source "ChessBase"]
[SourceDate "2008.06.24"]
[SourceVersion "1"]
[SourceVersionDate "2008.06.24"]
[SourceQuality "1"]

1. e4 c5 2. Nc3 e6 3. g3 d5 4. exd5 exd5 5. Bg2 Nf6 6. d3 d4 7. Ne4 Nxe4 8. dxe4 Nc6 9. Ne2 g6 10. Nf4 Bg7 11. 0-0 0-0 12. Nd5 f5 13. Re1 fxe4 14. Bxe4 Bf5 15. Bg2 Qd7 16. Bf4 Rae8 17. Qd2 Ne5 18. Bxe5 Bxe5 19. c3 dxc3 20. bxc3 Bg7 21. Re3 Kh8 22. Rae1 Rxe3 23. Qxe3 b6 24. f4 Qa4 25. Qd2 Re8 26. Ne7 Bd7 27. Re4 c4 28. h3 Bf6 29. Qd6 Bg7 30. Rd4 Rxe7 31. Qxe7 Bxd4+ 32. cxd4 h5 33. Qf8+ Kh7 34. Qf7+ Kh8 35. Qxg6 Qd1+ 36. Kh2 Qxd4 37. Qxh5+ Kg7 38. f5 Kf8 39. Qh7 Bc8 40. Qg6 Ke7 41. h4 c3 42. h5 Bd7 43. Qg5+ Qf6 44. Qe3+ Kf8 45. Be4 Be8 46. h6 Bf7 47. a3 Bb3 48. Qf4 c2 49. h7 Kg7 50. Bxc2 Bxc2 51. Qc7+ Kh8 52. Qxc2 Kxh7 53. Kg2 Qd6 54. Qb3 Kg7 55. g4 Qf4 56. Kh3 Kf8 57. Qd3 Kg7 58. Qd7+ Kf8 59. Qc8+ Kg7 60. Qb7+ Kf6 61. Qc6+ Kg7 62. Qg6+ Kf8 63. Qf6+ Kg8 64. Qe6+ Kg7 65. Qe7+ Kh6 66. Qf6+ Kh7 67. Qf7+ Kh8 68. Kh4 1-0